000 00993nam a2200289Ia 4500
001 Para_2986
003 CHAP
008 220125s1986 xx 000 0 und d
010 _a201354
040 _cCHAP
082 _aPA 633.577 M3
100 _aMacossay Vallado, Mauricio
_969539
245 _aTelchac pueblo :
_b una comunidad henequenera /
_c por Mauricio Macossay Vallado y Ma. Eugenia Castillo B.
260 _aChapingo, Méx. :
_b UACh. Dirección de Difusión Cultural
300 _a178 p.
440 _aCuadernos universitarios. Serie agronomía; 14
_9166258
650 _aHenequén
_x Yucatán Yucatán
_x Condiciones sociales Yucatán
_x Condiciones económicas
_9166259
700 _aCastillo B., Maria Eugenia
_920086
710 _aUACh. Dirección de Difusión Cultural
901 _aPA 633.577 M3
902 _aA
905 _a0000001986 CHAa 0000000000 00
910 _a1986
942 _cPARA
942 _cPARA
_d1
999 _c201354
_d201354